000 00627nam a2200205Ia 4500
003 GCL
005 20240530110516.0
008 140319s9999 xx 000 0 ara d
040 _aGCL /
_cGCL
082 0 4 _a953.04\
_bف ا
100 1 _aفيية ، جان موريس
245 1 0 _aاحوال النصارى فى خلافة بنى العباس /
_cجان موريس فيية
260 _a[S.N] :
_bدار المشرق ،
_c1990
300 _a423 ص
490 _aنصوص ادبية
_v0
650 0 4 _aالخلافة العباسية
650 0 4 _aبنو العباسى
650 0 4 _aالنصارى
942 _2ddc
_cBK
999 _c61785
_d61785